Statystyki dla Trasa Warszawskiej linii autobusowej 160

Kliknij tutaj aby rozwiązać quiz!

Ogólne statystyki

  • Ten quiz został rozwiązany 11 razy
  • Średni wynik to 20 z 40

Statystyki odpowiedzi

DzielnicaPrzystanek% Poprawnych
Śródmieście / WolaRondo ONZ
100%
Śródmieście / OchotaDworzec Centralny
80%
Śródmieście / OchotaDworzec Centralny
80%
Praga-PółnocDworzec Wileński
80%
ŚródmieścieEmilii Plater
80%
ŚródmieścieMetro Ratusz Arsenał
80%
TargówekDzielnicowy Klub Sportowy Targówek
60%
Śródmieście / WolaHala Mirowska
60%
Śródmieście / WolaKino Femina
60%
TargówekMetro Kondratowicza
60%
TargówekMetro Kondratowicza
60%
TargówekMetro Targówek Mieszkaniowy
60%
Praga-PółnocPark Praski
60%
Praga-PółnocPKP Targówek
60%
Praga-PółnocRzeszotarskiej
60%
ŚródmieścieStare Miasto
60%
Praga-PółnocSzwedzka
60%
TargówekCentrum Handlowe Targówek
40%
TargówekCentrum Handlowe Targówek
40%
TargówekCmentarz Bródnowski
40%
TargówekGorzykowska
40%
TargówekGościeradowska
40%
TargówekHandlowa
40%
BiałołękaJesiennych Liści
40%
TargówekKnapika
40%
TargówekLusińska
40%
TargówekMalborska
40%
TargówekMetro Trocka
40%
TargówekMetro Trocka
40%
TargówekMyszkowska
40%
TargówekNiwa
40%
BiałołękaOsiedle Derby
40%
BiałołękaOsiedle Derby III
40%
BiałołękaPark Magiczny
40%
TargówekPiotra Skargi
40%
BiałołękaGrodzisk
20%
BiałołękaKąty Grodziskie
20%
BiałołękaOsiedle Derby VI
20%
TargówekŻuromińska
20%
BiałołękaSkarbka z Gór
0%

Rozkład punktacji

Percentyl według liczby udzielonych odpowiedzi

Procent ludzi z każdym wynikiem

Twoja historia wyników

Nie rozwiązałeś tego quizu